000 00724nam a2200241Ia 4500
003 OSt
005 20220928103232.0
006 a|||||r|||| 00| 0
007 ta
008 220927b |||||||| |||| 00| 0 eng d
024 _a58201
037 _cTextual
040 _aSDCL
_cSDCL
_beng
041 _2eng
_aeng
082 _aV58,4Cx, K3
100 _aSmal-Stocki Roman Ed.
_9403010
245 0 _aRussian and communist imperialism in action.
260 _aMilwaukee
_bSlavic Institute of Marquette University
_c1963
300 _a205p.
_ccm.
700 _a Sokolnicki Alfred J Ed.
_9403011
942 _hV58,4Cx, K3
_cTEXL
_2CC
999 _c718813
_d718813